000 00319nam a22001337a 4500
008 170828b xxu||||| |||| 00| 0 eng d
020 _a9780834213647
041 _aeng
080 _a070
100 _a39
101 _aMED
245 _aSPECIAL POPULATIONS IN THE COMMUNITY
_cSEBASTIAN.J.G
942 _2udc
_cBK
999 _c25136
_d25136